00651nam a2200193Ia 4500999001700000082001200017100001700029245007500046260003300121300002000154650002300174650003000197650002800227650002300255650003400278710002000312942001200332952011300344 c17519d17519 aTL.0065 aLila, Kumkum 0aOccupational mobility among scavengers of Bhopal: a sociological study c1998bBarkatullah University a188p + C D - 48 aGarbagemanvBhopal aRefuse collectorsvBhopal aSocial mobilityvBhopal aScavengersvBhopal aOccupational mobilityvBhopal aChaudhary, S.N. cTH2ddc 00104070aNASSDOCbNASSDOCd2004-10-08i2004-10-05l0oTL.0065p37577r2019-04-18 00:00:00w2019-04-18yTH